[Event "Sitges Sunway op 8th"]
[Site "Sitges"]
[Date "2021.12.16"]
[Round "4"]
[White "Sandhya, Goli"]
[Black "Defromont, Benjamin"]
[Result "0-1"]
[WhiteElo "1865"]
[BlackElo "2250"]
[PlyCount "26"]
[EventDate "2021.12.13"]
[EventType "swiss"]
[EventRounds "10"]
[EventCountry "ESP"]
[SourceTitle "CBM 205 Extra"]
[Source "ChessBase"]
[SourceDate "2022.01.31"]
[SourceVersion "1"]
[SourceVersionDate "2022.01.31"]
[SourceQuality "1"]

1. e4 e5 2. d4 Nc6 3. Nf3 exd4 4. Nxd4 Bb4+ 5. c3 Bc5 6. Nxc6 bxc6 7. Bc4 d5 8. Bd3 Nf6 9. exd5 0-0 10. Bf4 Re8+ 11. Kf1 Bg4 12. Qc2 Qxd5 13. f3 Bxf3 0-1

[Event "Novi Sad TS Mix 223rd"]
[Site "Novi Sad"]
[Date "2021.11.21"]
[Round "9"]
[White "Sandhya, Goli"]
[Black "Zvereva, Margarita"]
[Result "1-0"]
[WhiteElo "1923"]
[BlackElo "2011"]
[PlyCount "63"]
[EventDate "2021.11.16"]
[EventType "swiss"]
[EventRounds "9"]
[EventCountry "SRB"]
[SourceTitle "CBM 205 Extra"]
[Source "ChessBase"]
[SourceDate "2022.01.31"]
[SourceVersion "1"]
[SourceVersionDate "2022.01.31"]
[SourceQuality "1"]

1. e4 c5 2. Nf3 d6 3. d4 cxd4 4. Nxd4 Nf6 5. Nc3 a6 6. h3 e6 7. g4 h6 8. Bg2 Be7 9. Be3 Nc6 10. Qe2 Nxd4 11. Bxd4 e5 12. Be3 b5 13. 0-0-0 Bb7 14. f4 Nd7 15. Kb1 b4 16. Nd5 Bxd5 17. Rxd5 a5 18. Rhd1 Qb8 19. g5 hxg5 20. fxg5 Nc5 21. Bxc5 dxc5 22. Qg4 Qc8 23. Rd7 Qc6 24. Bf1 c4 25. Qf5 Qe6 26. Qxe6 fxe6 27. Bxc4 Rd8 28. Bxe6 Bxg5 29. Bf7+ Kf8 30. Rxd8+ Bxd8 31. Rxd8+ Kxf7 32. Rxh8 1-0

[Event "Novi Sad TS Mix 223rd"]
[Site "Novi Sad"]
[Date "2021.11.19"]
[Round "6"]
[White "Joel Paul, Ganta"]
[Black "Sandhya, Goli"]
[Result "1-0"]
[WhiteElo "1887"]
[BlackElo "1923"]
[PlyCount "74"]
[EventDate "2021.11.16"]
[EventType "swiss"]
[EventRounds "9"]
[EventCountry "SRB"]
[SourceTitle "CBM 205 Extra"]
[Source "ChessBase"]
[SourceDate "2022.01.31"]
[SourceVersion "1"]
[SourceVersionDate "2022.01.31"]
[SourceQuality "1"]

1. e4 c5 2. Nf3 d6 3. Nc3 a6 4. d4 cxd4 5. Nxd4 Nf6 6. Bg5 Nbd7 7. f4 Qc7 8. Qf3 b5 9. 0-0-0 Bb7 10. Bd3 Rc8 11. Rhe1 e6 12. Qg3 b4 13. Nd5 Qa5 14. Kb1 exd5 15. exd5+ Kd8 16. Nc6+ Rxc6 17. dxc6 Bxc6 18. Bc4 d5 19. f5 Kc8 20. Qf3 Kb7 21. Bb3 Bd6 22. Bf4 Qc7 23. Rd4 a5 24. Bxd6 Qxd6 25. Red1 Nb6 26. c3 bxc3 27. Qxc3 Ra8 28. g4 Qxh2 29. Rc1 Qd6 30. Rcd1 h6 31. a3 Nfd7 32. Qf3 Ne5 33. Qg2 f6 34. Qh3 Kc7 35. Qc3 Kd7 36. Qe3 Ke7 37. R4d2 Rb8 1-0

[Event "Novi Sad TS 221st"]
[Site "Novi Sad"]
[Date "2021.11.05"]
[Round "5.1"]
[White "Poprzen, Miroslav"]
[Black "Sandhya, Goli"]
[Result "1/2-1/2"]
[WhiteElo "1914"]
[BlackElo "1923"]
[PlyCount "36"]
[EventDate "2021.11.02"]
[EventType "schev"]
[EventRounds "9"]
[EventCountry "SRB"]
[SourceTitle "CBM 205 Extra"]
[Source "ChessBase"]
[SourceDate "2022.01.31"]
[SourceVersion "1"]
[SourceVersionDate "2022.01.31"]
[SourceQuality "1"]
[WhiteTeam "Team A"]
[BlackTeam "Team B"]
[WhiteTeamCountry "SRB"]
[BlackTeamCountry "SRB"]

1. e4 c5 2. c3 Nf6 3. e5 Nd5 4. d4 cxd4 5. cxd4 e6 6. Nc3 d6 7. Nf3 Nc6 8. Bb5 Nxc3 9. bxc3 Qa5 10. Bxc6+ bxc6 11. Bd2 Qc7 12. 0-0 Be7 13. Re1 a5 14. Qa4 Bd7 15. Rab1 0-0 16. Qb3 c5 17. Re4 Rfe8 18. Bg5 Bf8 1/2-1/2

[Event "Novi Sad TS Mix 218th"]
[Site "Novi Sad"]
[Date "2021.10.29"]
[Round "7"]
[White "Hart, Alexander E"]
[Black "Sandhya, Goli"]
[Result "1-0"]
[WhiteElo "1994"]
[BlackElo "1918"]
[PlyCount "55"]
[EventDate "2021.10.25"]
[EventType "swiss"]
[EventRounds "10"]
[EventCountry "SRB"]
[SourceTitle "CBM 205 Extra"]
[Source "ChessBase"]
[SourceDate "2022.01.31"]
[SourceVersion "1"]
[SourceVersionDate "2022.01.31"]
[SourceQuality "1"]

1. d4 Nf6 2. c4 e6 3. Nf3 Bb4+ 4. Nbd2 b6 5. a3 Bxd2+ 6. Qxd2 d6 7. e3 Bb7 8. Be2 Nbd7 9. 0-0 0-0 10. b4 e5 11. d5 a5 12. Bb2 Qe7 13. Rfd1 Rfd8 14. Qc2 axb4 15. axb4 b5 16. e4 bxc4 17. Bxc4 Nb6 18. Bb5 Rxa1 19. Rxa1 Ra8 20. Rxa8+ Bxa8 21. Nd2 Qd8 22. Nb3 Qb8 23. Bd3 Na4 24. Ba3 Qa7 25. Na5 Qd4 26. Qxc7 g6 27. Qc2 Ng4 28. Bc1 1-0

[Event "Budha Bhandari Memorial"]
[Site "Budhanilkantha"]
[Date "2019.11.13"]
[Round "8"]
[White "Rajbhandari, Rijendra"]
[Black "Sandhya, Goli"]
[Result "1-0"]
[WhiteElo "1979"]
[BlackElo "1908"]
[PlyCount "69"]
[EventDate "2019.11.09"]
[EventType "swiss"]
[EventRounds "9"]
[EventCountry "NEP"]
[SourceTitle "CBM 193 Extra"]
[Source "ChessBase"]
[SourceDate "2020.01.31"]
[SourceVersion "1"]
[SourceVersionDate "2020.01.31"]
[SourceQuality "1"]

1. d4 Nf6 2. c4 e6 3. g3 d5 4. Nf3 Be7 5. Bg2 0-0 6. 0-0 c6 7. Qc2 b6 8. Nbd2 Bb7 9. e4 Na6 10. a3 c5 11. cxd5 exd5 12. e5 Nd7 13. Re1 Nc7 14. Nf1 Re8 15. h4 h6 16. Ne3 Bf8 17. Nf5 Ne6 18. Be3 Rc8 19. Qd2 cxd4 20. N5xd4 Ndc5 21. Bh3 Ra8 22. Bf4 Nd7 23. Nxe6 fxe6 24. b4 Nb8 25. Nd4 Bc8 26. Rec1 Bd7 27. Be3 a5 28. b5 Bc5 29. a4 Re7 30. Ra2 Bxd4 31. Qxd4 Qe8 32. Qxb6 Bc8 33. Rac2 Nd7 34. Qc6 Rb8 35. Qxc8 1-0

[Event "Budha Bhandari Memorial"]
[Site "Budhanilkantha"]
[Date "2019.11.12"]
[Round "5"]
[White "Sandhya, Goli"]
[Black "Panta, Sumit"]
[Result "1-0"]
[WhiteElo "1908"]
[BlackElo "2005"]
[PlyCount "34"]
[EventDate "2019.11.09"]
[EventType "swiss"]
[EventRounds "9"]
[EventCountry "NEP"]
[SourceTitle "CBM 193 Extra"]
[Source "ChessBase"]
[SourceDate "2020.01.31"]
[SourceVersion "1"]
[SourceVersionDate "2020.01.31"]
[SourceQuality "1"]

1. e4 e6 2. d4 d5 3. Nd2 c5 4. dxc5 Bxc5 5. Bd3 Nf6 6. Qe2 Nc6 7. c3 d4 8. Nb3 Bb6 9. cxd4 Nxd4 10. Nxd4 Qxd4 11. Nf3 Ba5+ 12. Kf1 Qc5 13. Be3 Qh5 14. Rc1 Bd7 15. Rc5 Qxc5 16. Bxc5 Rc8 17. b4 b6 1-0

[Event "Asian Amateur-ch"]
[Site "Zhengzhou"]
[Date "2019.01.04"]
[Round "7"]
[White "Sandhya, Goli"]
[Black "Cai, Boheng"]
[Result "1/2-1/2"]
[WhiteElo "1890"]
[BlackElo "1777"]
[PlyCount "68"]
[EventDate "2018.12.31"]
[EventType "swiss"]
[EventRounds "9"]
[EventCountry "CHN"]
[SourceTitle "CBM 188 Extra"]
[Source "ChessBase"]
[SourceDate "2019.02.26"]
[SourceVersion "1"]
[SourceVersionDate "2019.02.26"]
[SourceQuality "1"]

1. e4 e6 2. d4 d5 3. Bd3 dxe4 4. Bxe4 Nf6 5. Bf3 Bd6 6. Ne2 0-0 7. 0-0 Nbd7 8. Nbc3 e5 9. g3 exd4 10. Nxd4 Ne5 11. Bg2 c6 12. h3 Bc7 13. Bf4 Bd7 14. Nf3 Ng6 15. Bg5 Bf5 16. Nd4 Bc8 17. Ne4 Be5 18. c3 h6 19. Nxf6+ Bxf6 20. Be3 Ne7 21. Nb3 Qc7 22. Qf3 Nd5 23. Bd4 Re8 24. Rad1 Bd7 25. Nc5 Rad8 26. Nxd7 Bxd4 27. Rxd4 Rxd7 28. Rfd1 Rde7 29. Bf1 Re1 30. Kg2 Rxd1 31. Qxd1 Nf6 32. Bc4 Qe5 33. Qb3 Qe7 34. Rd2 Qc7 1/2-1/2

[Event "Asian Amateur-ch"]
[Site "Zhengzhou"]
[Date "2019.01.04"]
[Round "8"]
[White "Wu, Yiquan"]
[Black "Sandhya, Goli"]
[Result "1/2-1/2"]
[WhiteElo "1688"]
[BlackElo "1890"]
[PlyCount "90"]
[EventDate "2018.12.31"]
[EventType "swiss"]
[EventRounds "9"]
[EventCountry "CHN"]
[SourceTitle "CBM 188 Extra"]
[Source "ChessBase"]
[SourceDate "2019.02.26"]
[SourceVersion "1"]
[SourceVersionDate "2019.02.26"]
[SourceQuality "1"]

1. d4 Nf6 2. c4 e6 3. Nf3 Bb4+ 4. Bd2 Qe7 5. a3 Bxd2+ 6. Qxd2 Ne4 7. Qc2 f5 8. Nc3 Nxc3 9. Qxc3 0-0 10. g3 b6 11. Bg2 Bb7 12. 0-0 d6 13. Rac1 Nd7 14. e3 Rae8 15. Rfd1 Nf6 16. Qc2 Be4 17. Qe2 e5 18. dxe5 dxe5 19. Nd2 Bxg2 20. Kxg2 c5 21. b3 e4 22. Nb1 Rd8 23. Rxd8 Rxd8 24. Rd1 Kf7 25. Rd2 Rxd2 26. Qxd2 Qd7 27. Qxd7+ Nxd7 28. Nd2 Ne5 29. h3 Ke6 30. Kf1 h5 31. h4 Nf3 32. Ke2 Ne5 33. Kf1 Kf6 34. Ke2 g6 35. Kf1 g5 36. hxg5+ Kxg5 37. Ke2 Kg4 38. Kf1 Nf3 39. Ke2 Nxd2 40. Kxd2 Kf3 41. Ke1 Kg2 42. Ke2 a5 43. a4 Kh3 44. Kf1 Kg4 45. Kg2 Kg5 1/2-1/2

[Event "Asian Amateur-ch"]
[Site "Zhengzhou"]
[Date "2019.01.01"]
[Round "2"]
[White "Sandhya, Goli"]
[Black "Li, Siyao"]
[Result "1-0"]
[WhiteElo "1890"]
[BlackElo "1389"]
[PlyCount "143"]
[EventDate "2018.12.31"]
[EventType "swiss"]
[EventRounds "9"]
[EventCountry "CHN"]
[SourceTitle "CBM 188 Extra"]
[Source "ChessBase"]
[SourceDate "2019.02.26"]
[SourceVersion "1"]
[SourceVersionDate "2019.02.26"]
[SourceQuality "1"]

1. e4 e5 2. Nf3 Nc6 3. Bc4 Bc5 4. d3 Nf6 5. 0-0 0-0 6. c3 a6 7. Bb3 d6 8. h3 h6 9. Re1 Ba7 10. Nbd2 Nh5 11. Nf1 Qf6 12. Be3 Nf4 13. Ng3 g6 14. Bxf4 Qxf4 15. Nf1 h5 16. Qc1 Qf6 17. Qg5 Qg7 18. Ne3 Na5 19. Bc2 f6 20. Qg3 Be6 21. d4 b5 22. d5 Bd7 23. b4 Nb7 24. Nh4 Kh7 25. Qh2 Rf7 26. g4 Rg8 27. gxh5 gxh5+ 28. Kh1 Qg5 29. Nhg2 Rfg7 30. h4 Qh6 31. Rg1 Bxe3 32. Nxe3 Rxg1+ 33. Rxg1 Rxg1+ 34. Kxg1 Qg6+ 35. Kf1 Nd8 36. f4 Nf7 37. f5 Qh6 38. Qg3 Be8 39. Ke2 Qg7 40. Qxg7+ Kxg7 41. Bd3 Kf8 42. c4 c5 43. dxc6 Bxc6 44. cxb5 axb5 45. Nd1 d5 46. exd5 Bxd5 47. Nc3 Bc4 48. Nxb5 Bxa2 49. Nc3 Bb3 50. Ne4 Kg7 51. b5 Bd5 52. b6 Nd8 53. Ke3 Nb7 54. Ng3 Kh6 55. Be4 Bxe4 56. Kxe4 Nd8 57. Kd5 Nb7 58. Kc6 Na5+ 59. Kc7 Kg7 60. b7 Nxb7 61. Kxb7 Kh6 62. Kc6 Kg7 63. Kd6 Kh6 64. Ke6 Kg7 65. Nxh5+ Kh6 66. Nxf6 e4 67. Nxe4 Kh5 68. f6 Kxh4 69. f7 Kg4 70. f8Q Kh5 71. Kf5 Kh4 72. Qh6# 1-0

[Event "IND-ch (Women) 45th"]
[Site "Jaipur"]
[Date "2018.11.21"]
[Round "5"]
[White "Sandhya, Goli"]
[Black "Andria, LD Souza"]
[Result "0-1"]
[WhiteElo "2000"]
[BlackElo "1754"]
[PlyCount "40"]
[EventDate "2018.11.18"]
[EventType "swiss"]
[EventRounds "11"]
[EventCountry "IND"]
[SourceTitle "CBM 187 Extra"]
[Source "ChessBase"]
[SourceDate "2018.11.04"]
[SourceVersion "1"]
[SourceVersionDate "2018.11.04"]
[SourceQuality "1"]

1. e4 c6 2. Nc3 d5 3. Nf3 dxe4 4. Nxe4 Bg4 5. h3 Bxf3 6. Qxf3 e6 7. d3 Nd7 8. Bf4 Nc5 9. 0-0-0 Na4 10. d4 Nf6 11. Nxf6+ Qxf6 12. Qg3 Be7 13. Kb1 Rg8 14. h4 Qg6 15. Qf3 Qf5 16. Bd3 Qa5 17. Bc4 Rd8 18. Bb3 Nb6 19. c3 Nd5 20. Qh5 Nxc3+ 0-1

[Event "World Amateur-ch U2300"]
[Site "Cagliari"]
[Date "2018.04.22"]
[Round "1"]
[White "Sandhya, Goli"]
[Black "Janiszewski, Maciej"]
[Result "1-0"]
[WhiteElo "1971"]
[BlackElo "2129"]
[PlyCount "51"]
[EventDate "2018.04.22"]
[EventType "swiss"]
[EventRounds "9"]
[EventCountry "ITA"]
[SourceTitle "CBM 184 Extra"]
[Source "ChessBase"]
[SourceDate "2018.06.28"]
[SourceVersion "1"]
[SourceVersionDate "2018.06.28"]
[SourceQuality "1"]

1. e4 c5 2. Nf3 d6 3. d4 cxd4 4. Nxd4 Nf6 5. Nc3 g6 6. Be3 Bg7 7. f3 0-0 8. Qd2 Nc6 9. 0-0-0 Bd7 10. g4 Rc8 11. h4 Ne5 12. Bh6 Nxf3 13. Nxf3 Bxg4 14. Bxg7 Bxf3 15. Bxf8 Bxh1 16. Bh3 Rc5 17. Bxe7 Qxe7 18. Rxh1 Nxe4 19. Nxe4 Qxe4 20. Bg2 Qa4 21. Kb1 b5 22. Bd5 Qg4 23. Rf1 Rc7 24. Qf2 Qd7 25. Qf6 Qe7 26. Bxf7+ 1-0

[Event "Budapest FS04 Nadassy"]
[Site "Budapest"]
[Date "2018.04.09"]
[Round "3.1"]
[White "Szalanczy, Emil"]
[Black "Sandhya, Goli"]
[Result "1/2-1/2"]
[WhiteElo "2217"]
[BlackElo "1971"]
[PlyCount "100"]
[EventDate "2018.04.07"]
[EventType "schev"]
[EventRounds "10"]
[EventCountry "HUN"]
[SourceTitle "CBM 184 Extra"]
[Source "ChessBase"]
[SourceDate "2018.06.28"]
[SourceVersion "1"]
[SourceVersionDate "2018.06.28"]
[SourceQuality "1"]
[WhiteTeam "A Team Higher Elo"]
[BlackTeam "B Team Lower Elo"]
[WhiteTeamCountry "HUN"]
[BlackTeamCountry "HUN"]

1. e4 c5 2. Nf3 d6 3. d4 cxd4 4. Nxd4 Nf6 5. Nc3 a6 6. Be3 e5 7. Nb3 Be6 8. Qd2 Nbd7 9. 0-0-0 b5 10. f3 Rc8 11. Kb1 Be7 12. g4 Nb6 13. g5 Nh5 14. Rg1 0-0 15. Nd5 Bxd5 16. exd5 Nc4 17. Bxc4 bxc4 18. Nc1 c3 19. bxc3 Qa5 20. Nb3 Qxc3 21. Rg4 f6 22. gxf6 Bxf6 23. Re4 Be7 24. Qxc3 Rxc3 25. Bd2 Rcxf3 26. c4 Nf6 27. Re2 Nd7 28. Kc2 Rf2 29. Rde1 Bd8 30. Be3 Rxe2+ 31. Rxe2 Bb6 32. Bxb6 Nxb6 33. Na5 Rf3 34. c5 dxc5 35. Rxe5 Ra3 36. Nb7 Nxd5 37. Rxd5 Rxa2+ 38. Kd3 Rxh2 39. Nxc5 h5 40. Nxa6 h4 41. Nc5 Rg2 42. Ne4 g6 43. Ke3 h3 44. Kf3 Rg1 45. Rd2 g5 46. Ng3 Ra1 47. Kg4 Ra3 48. Kxh3 Ra4 49. Rd7 Rf4 50. Kg2 Rh4 1/2-1/2

[Event "Budapest FS04 Nadassy"]
[Site "Budapest"]
[Date "2018.04.08"]
[Round "2.1"]
[White "Sandhya, Goli"]
[Black "Mayer, Istvan"]
[Result "1/2-1/2"]
[WhiteElo "1971"]
[BlackElo "2085"]
[PlyCount "78"]
[EventDate "2018.04.07"]
[EventType "schev"]
[EventRounds "10"]
[EventCountry "HUN"]
[SourceTitle "CBM 184 Extra"]
[Source "ChessBase"]
[SourceDate "2018.06.28"]
[SourceVersion "1"]
[SourceVersionDate "2018.06.28"]
[SourceQuality "1"]
[WhiteTeam "B Team Lower Elo"]
[BlackTeam "A Team Higher Elo"]
[WhiteTeamCountry "HUN"]
[BlackTeamCountry "HUN"]

1. e4 e6 2. d4 d5 3. Bd3 c5 4. exd5 exd5 5. Nf3 cxd4 6. Nxd4 Nc6 7. Nxc6 bxc6 8. 0-0 Bd6 9. Re1+ Ne7 10. Bg5 Qc7 11. h3 0-0 12. Nd2 Rb8 13. Rb1 Ng6 14. c3 Bh2+ 15. Kh1 Bf4 16. Bxf4 Nxf4 17. Bc2 Ba6 18. Nb3 Rfe8 19. Qf3 Ne6 20. Nd4 Nxd4 21. cxd4 Qa5 22. Qc3 Qxc3 23. bxc3 Rxb1 24. Rxb1 g5 25. Kg1 Re2 26. Bb3 Bd3 27. Rc1 Bc4 28. Ba4 Rxa2 29. Bxc6 a5 30. Re1 f6 31. Re7 a4 32. Rd7 Ra3 33. Bxd5+ Bxd5 34. Rxd5 Rxc3 35. g3 h5 36. Kg2 Kf8 37. Ra5 a3 38. d5 Rd3 39. g4 h4 1/2-1/2

[Event "Gibraltar Challengers-B"]
[Site "Caleta"]
[Date "2018.01.31"]
[Round "5"]
[White "Sandhya, Goli"]
[Black "Schweitzer, Werner"]
[Result "1/2-1/2"]
[WhiteElo "1934"]
[BlackElo "2060"]
[PlyCount "110"]
[EventDate "2018.01.27"]
[EventType "swiss"]
[EventRounds "5"]
[EventCountry "GGB"]
[SourceTitle "EXT 2019"]
[Source "ChessBase"]
[SourceDate "2018.10.10"]
[SourceVersion "1"]
[SourceVersionDate "2018.10.10"]
[SourceQuality "1"]

1. e4 c6 2. d4 d5 3. Nc3 dxe4 4. Nxe4 Nf6 5. Ng5 h6 6. N5f3 Nbd7 7. Bd3 Qc7 8. Ne2 e5 9. dxe5 Nxe5 10. Nxe5 Qxe5 11. 0-0 Bc5 12. Re1 0-0 13. Nf4 Qc7 14. h3 b6 15. Nh5 Nxh5 16. Qxh5 f5 17. Qf3 Bd6 18. Bd2 Bd7 19. Bc3 b5 20. a3 c5 21. b3 Bc6 22. Qh5 Be8 23. Qe2 a6 24. Qe6+ Rf7 25. Bxf5 Bd7 26. Bh7+ Kf8 27. Bxg7+ Kxg7 28. Qg6+ Kh8 29. Qxf7 Rf8 30. Qg6 Bf5 31. Qxh6 Bxh7 32. Re6 Bh2+ 33. Kh1 Qf4 34. Rae1 Qxh6 35. Rxh6 Bf4 36. Rh5 Rf7 37. Rxc5 Bd6 38. Rc6 Bxa3 39. Rxa6 Bb4 40. Re2 Bc3 41. Re3 b4 42. Rc6 Bxc2 43. Rcxc3 bxc3 44. Rxc3 Rxf2 45. Kg1 Rd2 46. Kh2 Be4 47. Rg3 Rb2 48. Rg4 Bd5 49. b4 Kh7 50. h4 Bxg2 51. Rxg2 Rxb4 52. Kh3 Ra4 53. Rg5 Kh6 54. Rc5 Rb4 55. Kg3 Ra4 1/2-1/2

[Event "Gibraltar Challengers-B"]
[Site "Caleta"]
[Date "2018.01.30"]
[Round "4"]
[White "Pavlov, Egor"]
[Black "Sandhya, Goli"]
[Result "1-0"]
[WhiteElo "2165"]
[BlackElo "1934"]
[PlyCount "55"]
[EventDate "2018.01.27"]
[EventType "swiss"]
[EventRounds "5"]
[EventCountry "GGB"]
[SourceTitle "EXT 2019"]
[Source "ChessBase"]
[SourceDate "2018.10.10"]
[SourceVersion "1"]
[SourceVersionDate "2018.10.10"]
[SourceQuality "1"]

1. d4 Nf6 2. c4 e6 3. Nc3 Bb4 4. e3 0-0 5. Nge2 d5 6. a3 Be7 7. cxd5 exd5 8. Nf4 c6 9. Bd3 Re8 10. 0-0 Bf8 11. b4 a6 12. Rb1 b6 13. Bc2 Bb7 14. Kh1 Nbd7 15. f3 a5 16. e4 dxe4 17. fxe4 axb4 18. axb4 Ba6 19. Re1 Bc4 20. e5 Nd5 21. Ncxd5 cxd5 22. Re3 g6 23. Rg3 Bg7 24. Nh5 Qe7 25. Nxg7 Kxg7 26. Qh5 Rh8 27. Bh6+ Kg8 28. Bxg6 1-0

[Event "Gibraltar Challengers-B"]
[Site "Caleta"]
[Date "2018.01.29"]
[Round "3"]
[White "Sandhya, Goli"]
[Black "Broekman, Willem"]
[Result "1-0"]
[WhiteElo "1934"]
[BlackElo "2006"]
[PlyCount "57"]
[EventDate "2018.01.27"]
[EventType "swiss"]
[EventRounds "5"]
[EventCountry "GGB"]
[SourceTitle "EXT 2019"]
[Source "ChessBase"]
[SourceDate "2018.10.10"]
[SourceVersion "1"]
[SourceVersionDate "2018.10.10"]
[SourceQuality "1"]

1. e4 e6 2. d4 d5 3. Bd3 dxe4 4. Bxe4 Nf6 5. Bf3 Nbd7 6. Nc3 c5 7. Nge2 c4 8. Bf4 Nb6 9. 0-0 Be7 10. a4 0-0 11. Bg3 Nbd5 12. Nb5 a6 13. Na3 Bxa3 14. Rxa3 Bd7 15. Nc3 Qa5 16. Qe2 Rac8 17. Bd6 Rfe8 18. Be5 Nxc3 19. Rxc3 Nd5 20. Bxd5 exd5 21. Qd2 Qd8 22. Rg3 g6 23. Qh6 Rxe5 24. dxe5 Bxa4 25. Rh3 Be8 26. Qxh7+ Kf8 27. Qh8+ Ke7 28. Qf6+ Kd7 29. Qd6# 1-0

[Event "Gibraltar Challengers-A"]
[Site "Caleta"]
[Date "2018.01.24"]
[Round "3"]
[White "Sandhya, Goli"]
[Black "Burke, Mitchell R"]
[Result "1/2-1/2"]
[WhiteElo "1934"]
[BlackElo "1989"]
[PlyCount "36"]
[EventDate "2018.01.22"]
[EventType "swiss"]
[EventRounds "5"]
[EventCountry "GGB"]
[SourceTitle "EXT 2019"]
[Source "ChessBase"]
[SourceDate "2018.10.10"]
[SourceVersion "1"]
[SourceVersionDate "2018.10.10"]
[SourceQuality "1"]

1. e4 c5 2. Nf3 d6 3. d4 cxd4 4. Nxd4 Nf6 5. Nc3 a6 6. h3 e5 7. Nde2 h5 8. Bg5 Be7 9. Bxf6 Bxf6 10. Nd5 Bg5 11. Nec3 Be6 12. Be2 g6 13. 0-0 Nc6 14. Qd3 0-0 15. f4 exf4 16. Nxf4 Ne5 17. Qd4 Bf6 18. Qf2 Bh4 1/2-1/2

[Event "IND-ch Challengers (Women) 44th"]
[Site "Mysore"]
[Date "2017.07.29"]
[Round "11"]
[White "Swati, Ghate"]
[Black "Sandhya, Goli"]
[Result "1-0"]
[WhiteElo "2278"]
[BlackElo "1873"]
[PlyCount "139"]
[EventDate "2017.07.21"]
[EventType "swiss"]
[EventRounds "11"]
[EventCountry "IND"]
[SourceTitle "EXT 2019"]
[Source "ChessBase"]
[SourceDate "2018.10.10"]
[SourceVersion "1"]
[SourceVersionDate "2018.10.10"]
[SourceQuality "1"]

1. e4 c5 2. Nf3 d6 3. Bb5+ Nd7 4. 0-0 Ngf6 5. Re1 a6 6. Bd3 Ne5 7. Be2 Bd7 8. d4 cxd4 9. Qxd4 Nxf3+ 10. Bxf3 e5 11. Qd3 h6 12. a4 b5 13. axb5 axb5 14. Rxa8 Qxa8 15. Na3 Qc6 16. c4 bxc4 17. Nxc4 Be6 18. Na5 Qa4 19. Qa6 Be7 20. Bd1 Qd7 21. Nc6 0-0 22. Ba4 Bd8 23. Bd2 Qc8 24. Qxc8 Bxc8 25. Nxd8 Rxd8 26. Ba5 Rf8 27. Bc7 Bb7 28. Bxd6 Ra8 29. Bc2 Nxe4 30. Bxe5 Nc5 31. Bd4 Ne6 32. Bc3 Nf4 33. f3 Ba6 34. Be4 Rc8 35. Bd2 Nd3 36. Ra1 Bb5 37. Bc3 Nc5 38. Bf5 Bd7 39. Bc2 Be6 40. Ra5 Nb3 41. Ra3 Nd4 42. Bd3 Nb3 43. Kf2 g6 44. h4 h5 45. Bc2 Nd4 46. Bd3 Nb3 47. Ke3 Nc1 48. Ba6 Rb8 49. b4 Kf8 50. Be5 Rd8 51. b5 Nb3 52. b6 Nc5 53. b7 Nxb7 54. Bxb7 Re8 55. Kf4 Bc4 56. Bc6 Rd8 57. Bf6 Rb8 58. Ra4 Bb3 59. Ra8 Rxa8 60. Bxa8 Bc2 61. Be4 Bxe4 62. Kxe4 Kg8 63. Ke5 Kf8 64. Kd6 Kg8 65. Ke7 Kh7 66. Kxf7 Kh6 67. Bg7+ Kh7 68. f4 g5 69. hxg5 h4 70. g6# 1-0

[Event "IND-ch Challengers (Women) 44th"]
[Site "Mysore"]
[Date "2017.07.24"]
[Round "6"]
[White "Sandhya, Goli"]
[Black "Srija, Seshadri"]
[Result "1/2-1/2"]
[WhiteElo "1873"]
[BlackElo "2200"]
[PlyCount "152"]
[EventDate "2017.07.21"]
[EventType "swiss"]
[EventRounds "11"]
[EventCountry "IND"]
[SourceTitle "EXT 2019"]
[Source "ChessBase"]
[SourceDate "2018.10.10"]
[SourceVersion "1"]
[SourceVersionDate "2018.10.10"]
[SourceQuality "1"]

1. e4 e5 2. Nf3 Nc6 3. Bc4 Nf6 4. d3 Bc5 5. c3 a6 6. 0-0 d6 7. Bb3 h6 8. Nbd2 b5 9. Re1 Ng4 10. Re2 Bb6 11. Nf1 Na5 12. Bc2 c5 13. h3 Nf6 14. d4 Nc6 15. dxe5 dxe5 16. Qxd8+ Kxd8 17. Be3 Kc7 18. Rd1 Be6 19. a3 a5 20. Bc1 c4 21. Be3 Nh5 22. Bxb6+ Kxb6 23. Ne3 Nf4 24. Red2 f6 25. Nd5+ Bxd5 26. exd5 Ne7 27. d6 Nc6 28. Nh4 Rad8 29. Ng6 Rhe8 30. d7 Rg8 31. Rd6 Kc7 32. Nxf4 exf4 33. Bg6 Ne5 34. Be8 Nd3 35. Rd4 a4 36. Rd2 Rf8 37. Re2 Ne5 38. Rd5 Kc6 39. Red2 Nd3 40. Rd4 f5 41. f3 Rf6 42. Re2 g5 43. Kf1 Kc5 44. Bg6 Kc6 45. Be8 Nc5 46. Re5 Re6 47. Rxf5 Nd3 48. Re4 Rd6 49. Rd4 Rxd4 50. cxd4 b4 51. Ke2 b3 52. Kd2 Nxb2 53. Rc5+ Kd6 54. Kc3 Nd1+ 55. Kxc4 Ne3+ 56. Kc3 Nxg2 57. Ra5 Ne1 58. Ra6+ Ke7 59. Rxh6 Nxf3 60. Rh7+ Kd6 61. Rh6+ Kc7 62. Bh5 Ng1 63. Bg4 f3 64. d5 Rf8 65. Rc6+ Kb7 66. Rc8 Ne2+ 67. Kd2 b2 68. Kc2 Nf4 69. Rxf8 f2 70. d8Q b1Q+ 71. Kxb1 f1Q+ 72. Kb2 Qb5+ 73. Ka1 Qf1+ 74. Ka2 Qc4+ 75. Ka1 Qc1+ 76. Ka2 Qc2+ 1/2-1/2

[Event "Philadelphia int op 11th"]
[Site "Philadelphia"]
[Date "2017.06.24"]
[Round "2"]
[White "Virtanen, Teemu"]
[Black "Sandhya, Goli"]
[Result "1-0"]
[WhiteElo "2141"]
[BlackElo "1873"]
[PlyCount "73"]
[EventDate "2017.06.24"]
[EventType "swiss"]
[EventRounds "9"]
[EventCountry "USA"]
[SourceTitle "CBM 179 Extra"]
[Source "ChessBase"]
[SourceDate "2017.08.23"]
[SourceVersion "1"]
[SourceVersionDate "2017.08.23"]
[SourceQuality "1"]

1. e4 c5 2. Nf3 d6 3. d4 cxd4 4. Nxd4 Nf6 5. Nc3 a6 6. g3 e5 7. Nde2 b5 8. Bg2 Nbd7 9. h3 Be7 10. g4 b4 11. Nd5 Nxd5 12. exd5 a5 13. a3 Ba6 14. 0-0 0-0 15. Bd2 Qb6 16. Re1 f5 17. gxf5 Rxf5 18. Be3 Nc5 19. Ng3 Rff8 20. Ne4 Rad8 21. axb4 axb4 22. c3 bxc3 23. b4 c2 24. Qxc2 Qxb4 25. Nxc5 dxc5 26. Be4 h6 27. Rec1 Qb6 28. d6 Bxd6 29. Qa2+ Kh8 30. Qxa6 Qb4 31. Rc4 Qb2 32. Rd1 Qb8 33. Rc2 Qb4 34. Qc4 Qb8 35. Rcd2 Be7 36. Qe6 Rxd2 37. Rxd2 1-0